000
00318nam a2200145Ia 4500
005
20260513122048.0
020
_a
9783030543730
100
_a
Bressoud
365
_c
€
365
_b
28.00
942
_c
BK
245
_a
Introduction to Data Systems: Building from Python
260
_b
Springer
999
_c
1
_d
1